Statistics for Dungeons & Dragons Classes

Click here to take the quiz!

General Stats

  • This quiz has been taken 102 times
  • The average score is 9 of 12

Answer Stats

Answer % Correct
MusicBard
91%
RageBarbarian
86%
PrayCleric
85%
Battle TacticsFighter
84%
Martial ArtsMonk
84%
KnightPaladin
78%
ArrowRanger
77%
ThiefRogue
77%
ShapeshiftDruid
74%
SchoolWizard
65%
DragonSorcerer
51%
WitchWarlock
51%

Score Distribution

Percentile by Number Answered

Percent of People with Each Score

Your Score History

You have not taken this quiz